000 01237cam a2200337 a 4500
999 _c8536
_d8536
001 2436354
003 GZU
005 20210520124526.0
008 880926s1989 nyu b s001 0 eng
010 _a 88008531
020 _a0791400646
020 _a0791400654 (pbk.)
040 _aDLC
_cDLC
_dDLC
_dOCoLC
050 0 0 _aHQ1240 WOM 1989
_b.W663 1989
082 0 0 _a320/.088042
_219
245 0 0 _aWomen, the state, and development /
_cSue Ellen M. Charlton, Jana Everett, Kathleen Staudt, editors.
260 _aAlbany :
_bState University of New York Press,
_cc1989.
300 _aviii, 248 p. ;
_c24 cm.
440 0 _aSUNY series in feminist political theory
500 _aIncludes bibliography
504 _aIncludes bibliographical references and index.
650 0 _aWomen in development
_xCross-cultural studies.
650 0 _aWomen
_xGovernment policy
_xCross-cultural studies.
650 0 _aState, The
_xCross-cultural studies.
700 1 _aCharlton, Sue Ellen M.
700 1 _aEverett, Jana Matson.
700 1 _aStaudt, Kathleen A.
906 _a7
_bcbc
_corignew
_d1
_eocip
_f19
_gy-gencatlg
942 _2lcc
_cBK
_h1240
_iWOM
_kHQ